000 01459nam a22002417a 4500
001 9724
003 FISKH
005 20260130120718.0
008 260130b cb ||||| |||| 00| 0 eng d
020 _a9781409150725
040 _aFISKH
_beng
_cFISKH
_dFISKH
050 _aPZ7 .A9529
082 _a813.6
100 _aVictoria, Aveyard
245 _aRed queen :
_bPower is a dangeroud game /
_cVictoria Aveyard
260 _aLondon :
_bOrion,
_c2015.
300 _a388, 13 pages :
_bmap ;
_c20 cm
490 _aRed Queen :
_vBook One
520 _aMare Barrow's world is divided by blood those with common, Red blood serve the Silver-blooded elite, who are gifted with superhuman abilities. Mare is a Red, scraping by as a thief in a poor, rural village, until a twist of fate throws her in front of the Silver court. Before the king, princes, and all the nobles, she discovers she has an ability of her own. To cover up this impossibility, the king forces her to play the role of a lost Silver princess and betroths her to one of his own sons. As Mare is drawn further into the Silver world, she risks everything and uses her new position to help the Scarlet Guard—a growing Red rebellion—even as her heart tugs her in an impossible direction. One wrong move can lead to her death, but in the dangerous game she plays, the only certainty is betrayal.
650 _aDystopian
_vScience Fiction
_xFantasy
942 _2ddc
_cBK
_n0
999 _c9724
_d9724